Регионална библиотека "Любен Каравелов" - Русе

Българската граматика в правила и тестове (Запис номер 101581)

MARC детайли
000 -Лидер
Контролно поле с фиксирана дължина 01669nam a2200409 c 4500
003 - Код на организацията, давaща контролен номер
Контролно поле BLK
005 - Дата и час на последна редакция
Контролно поле 20250728125349.0
008 - Елементи от данни с фиксирана дължина
fixed length control field 180409b bul|||||r ||||||| ||bul||
010 ## - Наследен системен номер
LC control number KNG00106631000
020 ## - Международен стандартен номер на книга ISBN
Международен стандартен номер на книга ISBN 954-771-050-8
040 ## - Източник на каталожния запис
Идентификатор на билиотеката - собственик на записа BLK
041 ## - Код за език
Код за езика на текст/звукозапис или на отделно заглавие Български
Код за езика КДБФ Български
080 ## - УДК
Текстов определител УДК Български език
УДК код - определител по УДК 811.163.2
УДК определител -5(076)(075.3)
УДК - код + определител 811.163.2-5(076)(075.3)
100 1# - Редна дума - Автор
Автор Матеева, Андриана Данаилова
Авторска отговорност първи автор
R(LIN) 364574
139 ## - Редно поле
Редна дума Матеева, Андриана Данаилова и др.
Авторски знак Мате - М 39
245 10 - Сведения за заглавието
Заглавие Българската граматика в правила и тестове
Редно поле (дума) Андриана Данаилова Матеева; съавт. Радка Николова Кърлова.
257 ## - Страна на издаване
Страна на създаване/издаване България
260 ## - Област на издателските данни
Място на издаване, разпространение и проч. София
Име на издателя, разпространителя и проч. Кръгозор
Година на издаване 2002
Печатница София : Експреспринт
300 ## - Физическа характеристика
Страници 176 с.
Илюстрации и др. с табл.
Размери/Мащаб 22 см
380 ## - Жанр
Жанр Езикознание. Филология
490 1# - СЕРИИ (Колекции)
Име на серия Успешна матура : Стъпка по стъпка
№: серия 1
500 ## - Общи забележки
Забележка Офс. изд.
650 #4 - Допълнително описание по предмет – тема
Основно описание – тема или топоним Български език - граматика - учебни помагала
9 (RLIN) 252698
653 ## - Ключова дума – ненормативна
Ключова дума български език
653 ## - Ключова дума – ненормативна
Ключова дума граматика
653 ## - Ключова дума – ненормативна
Ключова дума учебни помагала
653 ## - Ключова дума – ненормативна
Ключова дума зрелостни изпити
653 ## - Ключова дума – ненормативна
Ключова дума кандидатстудентски изпити
700 1# - Други автори (авторска отговорност)
Лично име Кърлова, Радка Николова
Автороска отговорност (Описва отношението между автора и произведението) съавт.
9 (RLIN) 368836
852 ## - Местоположение
Форматна сигнатура Цб 215120
856 4# - Електронен адрес и достъп
Електронен формат pdf - файл
856 4# - Електронен адрес и достъп
Електронен формат pdf - файл
942 ## - АРТИКУЛИ
Вид на библиотечния материал Книги
Скрит в OPAC Не
Koha issues (borrowed), all copies 1
944 ## - СЪЗДАВАНЕ И РЕДАКЦИЯ на ЗАПИСА
Създаване/Редакция Създаване
Дата на регистрацията/редакция 01.01.2002
Служител, извършил регистрацията/редакцията 30549
Статус, дата на статуса Вася Ганчева
944 ## - СЪЗДАВАНЕ И РЕДАКЦИЯ на ЗАПИСА
Създаване/Редакция Редакция
Дата на регистрацията/редакция 02.10.2006
999 ## - СИСТЕМНИ КОНТРОЛНИ НОМЕРА
Koha biblionumber 101581
Koha biblioitemnumber 101581
999 ## - СИСТЕМНИ КОНТРОЛНИ НОМЕРА
Koha biblioitemnumber 101581
Наличности
Код за отписване Код за изгубен артикул Източник на класификационната схема Код за повреда Коз за рестрикции Код за отдаване Артикулен № Име на библиотеката - собственик Име на библиотеката, в която се намира в момента Статус (Текущо местоположение) Дата на вписване в системата Местоположение - отдел Цена в лева Инвентарен номер Систематично азбучна сигнатура Баркод Номер на екземпляра Цена в евро Служебна бележка Служебен тип на артикула
  Не е изгубен Universal Decimal Classification Не е повреден без рестрикции заемане за дома 163695 Регионална библиотека "Любен Каравелов" Русе Регионална библиотека "Любен Каравелов" Русе Заемна - подръчен фонд 2003-06-17 Заемна - подръчен фонд 5.50 120000676852 811.163.2/М 39 А б 120000676852 1 2.81 Дост: Pk Вид: Ф N: 15581 Дата: 12.06.2003 Дата инв: 08.02.2018 Бележки инв: П2018 Книги
  Не е изгубен   Не е повреден без рестрикции ползва се в читалня 163696 Регионална библиотека "Любен Каравелов" Русе Регионална библиотека "Любен Каравелов" Русе Хранилище 2004-11-24 Хранилище 5.50 120000690547 Цб 215120 120000690547 2 2.81 Дост: Dp Вид: Д N: 9 Дата: 19.02.2004 Книги
Vip Innovations Ltd, Rousse, Bulgaria 2025